000 00593na a2200229 4500
001 20811
003 MIRAKIL
005 20181213155147.0
008 170127b tu 000 0
020 _a9789944106153
040 _aMilas
_btur
_cTR-AnCHP
041 _atur
082 _a813.42
_bŞ23h 2010
090 _a813.42 Ş23h 2010
100 _aŞahin, Erdal
245 _aHüzne konan kelebek
_cErdal Şahin
260 _aİstanbul
_bAya kitap
_c2010
_fKurtiş Matbaacılık
300 _a295
_c20 sm.
490 _aAya edebiyat
_v10
650 _aTürk romanı
942 _2ddc
_cBKS
999 _c7712
_d7712